| 000 -LEADER | |
|---|---|
| fixed length control field | 00400nam a22001697a 4500 |
| 005 - DATE AND TIME OF LATEST TRANSACTION | |
| control field | 20231220111525.0 |
| 008 - FIXED-LENGTH DATA ELEMENTS--GENERAL INFORMATION | |
| fixed length control field | 170401b xxu||||| |||| 00| 0 eng d |
| 020 ## - INTERNATIONAL STANDARD BOOK NUMBER | |
| ISBN | 978-81259-1879-0 |
| 041 ## - LANGUAGE CODE | |
| Language code of text/sound track or separate title | eng |
| 100 ## - MAIN ENTRY--AUTHOR NAME | |
| Personal name | PANDEY,S.N AND SINHA, B.K |
| 245 ## - TITLE STATEMENT | |
| Title | PLANT PHYSIOLOGY |
| 250 ## - EDITION STATEMENT | |
| Edition statement | 4th |
| 260 ## - PUBLICATION, DISTRIBUTION, ETC. (IMPRINT) | |
| Name of publisher | VIKAS PUBLISING HOUSE |
| Year of publication | 2005 |
| 300 ## - PHYSICAL DESCRIPTION | |
| Number of Pages | 682 |
| 650 ## - SUBJECT ADDED ENTRY--TOPICAL TERM | |
| Topical Term | AGRICULTURE |
| 942 ## - ADDED ENTRY ELEMENTS (KOHA) | |
| Koha item type | Books |
| Lost status | Damaged status | Collection code | Home library | Current library | Shelving location | Date acquired | Source of acquisition | Cost, normal purchase price | Accession Number | Koha item type | Full call number |
|---|---|---|---|---|---|---|---|---|---|---|---|
| AGRICULTURE | JRU Library | JRU Library | SHELF-46-A | 30/09/2023 | PURCHASE | 475.00 | 21669 | Books | |||
| AGRICULTURE | JRU Library | JRU Library | SHELF-46-A | 30/09/2023 | PURCHASE | 475.00 | 21670 | Books | |||
| AGRICULTURE | JRU Library | JRU Library | SHELF-46-A | 13/02/2025 | PURCHASE | 475.00 | 21671 | Books | |||
| Reference | JRU Library | JRU Library | SHELF-2-B | 30/09/2023 | PURCHASE | 475.00 | 21672 | Books | 572.8 | ||
| AGRICULTURE | JRU Library | JRU Library | SHELF-46-A | 26/04/2024 | PURCHASE | 475.00 | 21673 | Books |